Voces de Mujeres en la Edad Media : Entre Realidad y Ficción.

Bibliographic Details
Main Author: Corral Díaz, Esther.
Format: eBook
Language:Spanish
Published: Berlin/Boston : Walter de Gruyter GmbH, 2018.
Edition:1st ed.
Subjects:
Online Access:Click to View
LEADER 01451nam a22003493i 4500
001 EBC7015106
003 MiAaPQ
005 20231204023225.0
006 m o d |
007 cr cnu||||||||
008 231204s2018 xx o ||||0 spa d
020 |a 9783110596755  |q (electronic bk.) 
020 |z 9783110596649 
035 |a (MiAaPQ)EBC7015106 
035 |a (Au-PeEL)EBL7015106 
035 |a (OCoLC)1076408301 
040 |a MiAaPQ  |b eng  |e rda  |e pn  |c MiAaPQ  |d MiAaPQ 
100 1 |a Corral Díaz, Esther. 
245 1 0 |a Voces de Mujeres en la Edad Media :  |b Entre Realidad y Ficción. 
250 |a 1st ed. 
264 1 |a Berlin/Boston :  |b Walter de Gruyter GmbH,  |c 2018. 
264 4 |c {copy}2018. 
300 |a 1 online resource (538 pages) 
336 |a text  |b txt  |2 rdacontent 
337 |a computer  |b c  |2 rdamedia 
338 |a online resource  |b cr  |2 rdacarrier 
588 |a Description based on publisher supplied metadata and other sources. 
590 |a Electronic reproduction. Ann Arbor, Michigan : ProQuest Ebook Central, 2023. Available via World Wide Web. Access may be limited to ProQuest Ebook Central affiliated libraries.  
655 4 |a Electronic books. 
776 0 8 |i Print version:  |a Corral Díaz, Esther  |t Voces de Mujeres en la Edad Media  |d Berlin/Boston : Walter de Gruyter GmbH,c2018  |z 9783110596649 
797 2 |a ProQuest (Firm) 
856 4 0 |u https://ebookcentral.proquest.com/lib/matrademy/detail.action?docID=7015106  |z Click to View